In the Alamo /

Bibliographic Details
Main Author: Read, Opie, 1852-1939
Format: Microform Book
Language:English
Published: Chicago : Rand, McNally, 1900.

MARC

Tag First Indicator Second Indicator Subfields
LEADER 00000cam a2200000 a 4500
001 in00000748347
005 20151016155434.0
007 hd afa014baca
008 841115s1900 ctua a 00011 eng d
035 |a (OCoLC)11387622 
035 |9 ADH9163AM 
040 |a IQU  |c LWS  |d UtOrBLW 
049 |a TXAI 
090 |a PS15 
099 |a film  |a B  |a 1551 
100 1 |a Read, Opie,  |d 1852-1939. 
245 1 0 |a In the Alamo /  |c by Opie Read. 
264 1 |a Chicago :  |b Rand, McNally,  |c 1900. 
300 |a 367 pages :  |b illustrations 
336 |a text  |b txt  |2 rdacontent 
337 |a microform  |b h  |2 rdamedia 
338 |a microfilm reel  |b hd  |2 rdacarrier 
533 |a Microfilm.  |b Woodbridge, Conn. :  |c Research Publications,  |d 1970-1978.  |e 1 microfilm reel ; 35 mm.  |f (Wright American fiction ; v. 3 (1876-1900), reel R-7, no. 4464) 
500 |a Microform. 
999 |a MARS 
999 f f |s 452ae6da-3d7d-33c5-9430-05454a48cfdb  |i 2439fadc-3256-3709-832d-1da449a58ec3  |t 0 
952 f f |p default  |a Texas A&M University  |b College Station  |c Sterling C. Evans Library  |d Evans: Microforms (3rd floor)  |t 0  |e film B 1551 v.3 reel R-7 no.4464  |h Other scheme  |i microform -- microfilm reel 
998 f f |a film B 1551 v.3 reel R-7 no.4464  |t 0  |l Evans: Microforms (3rd floor)